000 01030nam a2200277 a 4500
001 000685227
003 AM-YeHGA
005 20250618073627.0
008 091014s2007 ||| r 000 0 rus d
020 _a5984180081
040 _aAM-YeHGA
041 0 _arus
080 _a323.1
245 0 0 _aЯзык вражды против общества :
_bСборник статей /
_cИнформ.-аналит. центр " Сова"; Сост. А. Верховский.
260 _aМосква :
_bЦентр "Сова",
_c2007.
300 _a259 c. :
_bтабл.
440 0 _aНаучное издание
650 1 4 _aКультура
_95174
650 1 4 _aСоциология
653 0 _aПросвещение
653 0 _aИнтолерантность
653 0 _aКсенофобия
700 1 _aВерховский, Александр Маркович
_eсост.
_4com
710 2 _a"Сова", информационно-аналитический центр (Москва)
090 _c255655
999 _c254056
_d254056